Biggest countries bordering most populous countries - Statistics

General Stats
  • This quiz has been taken 455 times
  • The average score is 18 of 20
Answer Stats
Answer % Correct
China
100%
Russia
100%
India
99%
Canada
98%
Mexico
98%
United States
98%
Brazil
97%
Pakistan
97%
Kazakhstan
96%
Argentina
95%
Mongolia
95%
Bangladesh
94%
Iran
94%
Peru
91%
Vietnam
89%
France
88%
Nigeria
76%
Ethiopia
75%
Sudan
74%
Chad
71%
No matching quizzes found
Score Distribution
Percent of People with Each Score
Percentile by Number Answered
Your Score History
You have not taken this quiz